Pluricausalidad criming̤ena en los delitos contra la libertad sexual violacin̤ de menor /

Detalles Bibliográficos
Autor principal: Peą Labrn̕, Daniel Ernesto
Formato: eBook
Lenguaje:español
Publicado: Barcelona : Editorial vLex, 2009.
Materias:
Acceso en línea:Acceso restringido

MARC

LEADER 00000nam a22000007a 4500
005 20110923130836.0
008 110923s2009 sp |||||s|||| 00||0 spa d
035 |a 4808 
040 |a vLex 
090 |c 2558  |d 2558 
100 1 |a Peą Labrn̕, Daniel Ernesto 
245 1 0 |a Pluricausalidad criming̤ena en los delitos contra la libertad sexual  |h [Recurso electrn̤ico] :  |b violacin̤ de menor /  |c Daniel Ernesto Peą Labrn̕ 
256 |a Servicio en ln̕ea. 
260 |a Barcelona :  |b Editorial vLex,  |c 2009. 
300 |a 1 recurso electrn̤ico 
506 1 |a Contenido solo disponible en los productos indicados  |d vLex Global  |d vLex Global (Academic Edition, excluding Law Schools)  |d vLex Global (U.S. Academic Edition, Law Schools)  |d vLex Global (U.S. Academic Edition, excluding Law Schools)  |d vLex Global (Academic Edition, Law Schools) 
650 0 4 |a Violacin̤ 
650 0 4 |a Procesos  |e Violacin̤ 
740 0 |a vLex Libros (Servicio en ln̕ea) 
856 4 0 |u http://vlex.com/source/pluricausalidad-criminogena-delitos-contra-libertad-sexual-violacion-menor-4808  |z Acceso restringido 
942 |c BOOK